[Event "FICGS class D 000254 email"]
[Site "FICGS email"]
[Date "2019.04.21"]
[Round "1"]
[White "Cafiero, Florian"]
[Black "Sharma, Vivek"]
[Result "1-0"]
[WhiteElo "1637"]
[BlackElo "1471"]
[PlyCount "21"]
[EventDate "2019.??.??"]
[EventType "tourn (corr)"]
[EventRounds "6"]
[SourceTitle "Corr 2022"]
[Source "ChessBase"]
[SourceDate "2021.10.24"]
[SourceVersion "1"]
[SourceVersionDate "2021.10.24"]
[SourceQuality "1"]

1. e4 e5 2. Nf3 Nc6 3. Bb5 Nf6 4. 0-0 Bc5 5. c3 0-0 6. d4 exd4 7. cxd4 a6 8. Bxc6 bxc6 9. dxc5 Nxe4 10. Qd4 Qe7 11. Re1 1-0

[Event "FICGS rapid C 000206 email"]
[Site "FICGS email"]
[Date "2019.03.19"]
[Round "1"]
[White "Cafiero, Florian"]
[Black "Wilson, Jaimie"]
[Result "0-1"]
[WhiteElo "1637"]
[BlackElo "1761"]
[PlyCount "60"]
[EventDate "2019.??.??"]
[EventType "tourn (rapid)"]
[EventRounds "4"]
[SourceTitle "Corr 2022"]
[Source "ChessBase"]
[SourceDate "2021.10.24"]
[SourceVersion "1"]
[SourceVersionDate "2021.10.24"]
[SourceQuality "1"]

1. e4 e6 2. d4 d5 3. Nd2 Nf6 4. e5 Nfd7 5. c3 c5 6. Bd3 Nc6 7. Ne2 cxd4 8. cxd4 f6 9. Nf4 Nxd4 10. Qh5+ Ke7 11. exf6+ Nxf6 12. Ng6+ hxg6 13. Qxh8 Kf7 14. 0-0 e5 15. Nb3 Nxb3 16. axb3 Be6 17. Bg5 Qb6 18. Bxf6 Kxf6 19. Be2 Rd8 20. Qh4+ g5 21. Qg3 e4 22. h4 gxh4 23. Qf4+ Bf5 24. Bg4 g6 25. Bxf5 gxf5 26. Qxh4+ Ke6 27. Qh7 Be7 28. Rfc1 Rd7 29. Rc8 Bf6 30. Qg8+ Ke5 0-1

[Event "FICGS W-ch st1 g03 email"]
[Site "FICGS email"]
[Date "2018.11.01"]
[Round "1"]
[White "Salonen, Jukka"]
[Black "Cafiero, Florian"]
[Result "0-1"]
[WhiteElo "1945"]
[BlackElo "1578"]
[PlyCount "78"]
[EventDate "2018.??.??"]
[EventType "tourn (corr)"]
[EventRounds "8"]
[SourceTitle "Corr 2022"]
[Source "ChessBase"]
[SourceDate "2021.10.24"]
[SourceVersion "1"]
[SourceVersionDate "2021.10.24"]
[SourceQuality "1"]

1. d4 Nf6 2. c4 e6 3. Nc3 Bb4 4. e3 0-0 5. Nf3 d5 6. Bd3 c5 7. 0-0 b6 8. cxd5 exd5 9. Ne5 Bb7 10. Bd2 Nc6 11. a3 Nxe5 12. dxe5 Bxc3 13. bxc3 Ne4 14. Bxe4 dxe4 15. Qg4 Qxd2 16. c4 Qc3 17. Qd7 Ba6 18. Rac1 Qxe5 19. Rfd1 Qe8 20. h3 Qxd7 21. Rxd7 Rfd8 22. Re7 Rd3 23. a4 Ra3 24. Rxe4 Rxa4 25. Rf4 f6 26. h4 Rd8 27. Re4 Rd2 28. Rf4 h5 29. Kh2 Raa2 30. Kg3 Kf7 31. Rf3 Rdc2 32. Re1 Bxc4 33. Rf4 Bd3 34. e4 Ke6 35. e5 fxe5 36. Rf8 Bg6 37. Rg1 b5 38. Rc8 b4 39. Rd8 Rxf2 0-1

[Event "FICGS theme 0002 email"]
[Site "FICGS email"]
[Date "2018.06.13"]
[Round "1"]
[White "Cafiero, Florian"]
[Black "Romig, James"]
[Result "0-1"]
[WhiteElo "1519"]
[BlackElo "1967"]
[PlyCount "36"]
[EventDate "2018.??.??"]
[EventType "swiss (corr)"]
[EventRounds "1"]
[SourceTitle "Corr 2022"]
[Source "ChessBase"]
[SourceDate "2021.10.24"]
[SourceVersion "1"]
[SourceVersionDate "2021.10.24"]
[SourceQuality "1"]

1. d4 d5 2. g4 Bxg4 3. Bg2 e6 4. c4 c6 5. Qb3 Qb6 6. f3 Bh5 7. Nc3 Na6 8. Bf4 Qxb3 9. axb3 Ne7 10. e4 Nb4 11. Kd2 Ng6 12. Bg3 Be7 13. exd5 cxd5 14. f4 a6 15. Nge2 Rd8 16. cxd5 exd5 17. h4 f5 18. Nc1 Nc6 0-1

[Event "FICGS rapid D 000115 email"]
[Site "FICGS email"]
[Date "2018.05.26"]
[Round "1"]
[White "Cafiero, Florian"]
[Black "Pech, Matej"]
[Result "0-1"]
[WhiteElo "1519"]
[BlackElo "1634"]
[PlyCount "30"]
[EventDate "2018.??.??"]
[EventType "tourn (rapid)"]
[EventRounds "5"]
[SourceTitle "Corr 2022"]
[Source "ChessBase"]
[SourceDate "2021.10.24"]
[SourceVersion "1"]
[SourceVersionDate "2021.10.24"]
[SourceQuality "1"]

1. e4 c5 2. Nf3 Nc6 3. d4 cxd4 4. Nxd4 Nf6 5. Nc3 e5 6. Ndb5 d6 7. Nd5 Nxd5 8. exd5 Ne7 9. c4 Ng6 10. Qa4 Bd7 11. Qb4 Bf5 12. Be2 Be7 13. Bg5 Nf4 14. Bxf4 exf4 15. 0-0 0-0 0-1

[Event "FICGS rapid C 000164 email"]
[Site "FICGS email"]
[Date "2018.04.28"]
[Round "1"]
[White "Nurcahyo, Dery"]
[Black "Cafiero, Florian"]
[Result "0-1"]
[WhiteElo "1684"]
[BlackElo "1519"]
[PlyCount "50"]
[EventDate "2018.??.??"]
[EventType "tourn (rapid)"]
[EventRounds "4"]
[SourceTitle "Corr 2022"]
[Source "ChessBase"]
[SourceDate "2021.10.24"]
[SourceVersion "1"]
[SourceVersionDate "2021.10.24"]
[SourceQuality "1"]

1. d4 d5 2. Bf4 Nc6 3. Nf3 Nf6 4. Nc3 a6 5. h3 e6 6. e3 Bd6 7. Bxd6 Qxd6 8. a3 0-0 9. Bd3 e5 10. Be2 Re8 11. dxe5 Nxe5 12. Nxe5 Rxe5 13. Qd2 c6 14. 0-0-0 b5 15. b4 Re4 16. Bf3 Rc4 17. Be2 a5 18. Bxc4 bxc4 19. Nb1 Ne4 20. Qe1 axb4 21. axb4 Ra2 22. f3 Qe5 23. c3 Bf5 24. g4 Nc5 25. bxc5 Rc2# 0-1

[Event "FICGS W-ch st1 g09 email"]
[Site "FICGS email"]
[Date "2011.04.01"]
[Round "1"]
[White "Andrucis, Maris"]
[Black "Cafiero, Florian"]
[Result "1-0"]
[WhiteElo "1898"]
[BlackElo "1600"]
[PlyCount "33"]
[EventDate "2011.??.??"]
[EventType "tourn (corr)"]
[EventRounds "8"]
[SourceTitle "Corr 2013"]
[Source "ChessBase"]
[SourceDate "2012.11.12"]
[SourceVersion "1"]
[SourceVersionDate "2012.11.12"]
[SourceQuality "1"]

1. e4 e5 2. Nf3 Nc6 3. Bb5 a6 4. Ba4 Nf6 5. 0-0 Nxe4 6. d4 b5 7. Bb3 d6 8. Bd5 Bb7 9. Bxe4 Be7 10. dxe5 dxe5 11. Nxe5 Qxd1 12. Rxd1 Nxe5 13. Bxb7 Ra7 14. Be4 0-0 15. a4 Rd8 16. Rxd8+ Bxd8 17. axb5 1-0

[Event "FICGS W-ch st1 g09 email"]
[Site "FICGS email"]
[Date "2011.04.01"]
[Round "1"]
[White "Orden, Jorge"]
[Black "Cafiero, Florian"]
[Result "1-0"]
[WhiteElo "1153"]
[BlackElo "1600"]
[PlyCount "103"]
[EventDate "2011.??.??"]
[EventType "tourn (corr)"]
[EventRounds "8"]
[SourceTitle "Corr 2013"]
[Source "ChessBase"]
[SourceDate "2012.11.12"]
[SourceVersion "1"]
[SourceVersionDate "2012.11.12"]
[SourceQuality "1"]

1. e4 e5 2. Nf3 Nc6 3. Be2 Nf6 4. Nc3 Bb4 5. d3 d5 6. exd5 Nxd5 7. Bd2 0-0 8. Nxd5 Qxd5 9. 0-0 Bxd2 10. Qxd2 h6 11. c4 Qa5 12. Qxa5 Nxa5 13. b4 Nc6 14. a3 a6 15. Rfe1 Re8 16. Nd2 Re6 17. Bf3 Rg6 18. Ne4 f5 19. Nc3 Bd7 20. Nd5 Rc8 21. b5 axb5 22. cxb5 Nd4 23. Ne7+ Kf7 24. Nxc8 Bxc8 25. Bh5 Nc2 26. Bxg6+ Kxg6 27. a4 Nxa1 28. Rxa1 Kg5 29. a5 Kf4 30. a6 bxa6 31. bxa6 Be6 32. Ra5 e4 33. dxe4 Kxe4 34. a7 Bd5 35. a8Q Bxa8 36. Rxa8 c5 37. Rd8 c4 38. Kf1 g5 39. Ke2 f4 40. Kd2 f3 41. g3 h5 42. Kc3 h4 43. Kxc4 hxg3 44. hxg3 g4 45. Re8+ Kf5 46. Kd4 Kf6 47. Ke4 Kg5 48. Ke5 Kg6 49. Kf4 Kf7 50. Re5 Kf6 51. Ke4 Kg6 52. Kf4 1-0